00221nam a22000617a 4500040000800000082002700008245012400035 cDLC a111 CAM 2009 C289 Or.1 aInsights for Action Initiaive Fuelling Poverty Reduction Selected papers from the International Oil and Gas Conference